[Event "2BLS 1718 SC Emmendingen - SC Eppingen"]
[Site "?"]
[Date "2018.02.03"]
[Round "7.5"]
[White "Hacker, Jonas"]
[Black "Shevchenko, Kirill"]
[Result "0-1"]
[WhiteElo "2338"]
[BlackElo "2538"]
[PlyCount "84"]
[EventDate "2018.??.??"]

1. e4 c5 2. Nf3 d6 3. d4 cxd4 4. Nxd4 Nf6 5. Nc3 a6 6. Bg5 Nbd7 7. Qe2 g6 8. f4
Bg7 9. O-O-O O-O 10. g4 h6 11. Bh4 Qc7 12. f5 Qa5 13. h3 Ne5 14. Kb1 Bd7 15.
Bxf6 Bxf6 16. Nd5 Bh4 17. g5 Bxg5 18. h4 Bf6 19. Nb3 Qd8 20. Nxf6+ exf6 21.
Rxd6 Qe7 22. Rd1 Bb5 23. Qe3 Bxf1 24. Rhxf1 Ng4 25. Qe2 h5 26. Nc1 Rfe8 27.
Rde1 Rad8 28. Nd3 Rd4 29. Rf4 g5 30. hxg5 fxg5 31. Rxg4 hxg4 32. e5 f6 33. Qf2
fxe5 34. f6 Qd7 35. Rh1 Rxd3 36. cxd3 Qxd3+ 37. Ka1 Qf3 38. Qh2 Qxf6 39. Qh7+
Kf8 40. a3 e4 41. Rh6 Qf1+ 42. Ka2 Qf7+ 0-1

[Event "2BLS 1718 SC Emmendingen - SC Eppingen"]
[Site "?"]
[Date "2018.02.03"]
[Round "7.6"]
[White "Korpa, Bence"]
[Black "Mann, Christian"]
[Result "1-0"]
[WhiteElo "2497"]
[BlackElo "2404"]
[PlyCount "65"]
[EventDate "2018.??.??"]

1. c4 Nc6 2. d4 d5 3. Nc3 dxc4 4. Nf3 Nf6 5. e4 Bg4 6. Bxc4 Bxf3 7. gxf3 e6 8.
Bb5 Bb4 9. Bxc6+ bxc6 10. Qa4 Qxd4 11. Qxc6+ Ke7 12. Qxc7+ Nd7 13. Bg5+ f6 14.
Rd1 Rhc8 15. Rxd4 Rxc7 16. Rxb4 fxg5 17. Ke2 h6 18. h4 gxh4 19. Rxh4 Ne5 20. f4
Nc4 21. Rg4 Kf8 22. Nb5 Rb7 23. Rxc4 Rxb5 24. Rc7 g5 25. b3 Ra5 26. a4 Rb8 27.
fxg5 hxg5 28. Rg3 Rb4 29. Re3 Rd4 30. f3 Ra6 31. Rec3 e5 32. Rh7 Kg8 33. Re7
1-0

[Event "2BLS 1718 SC Emmendingen - SC Eppingen"]
[Site "?"]
[Date "2018.02.03"]
[Round "7.7"]
[White "Bilchinski, Anton"]
[Black "Sokolov, Andrei"]
[Result "1/2-1/2"]
[WhiteElo "2276"]
[BlackElo "2490"]
[PlyCount "37"]
[EventDate "2018.??.??"]

1. d4 Nf6 2. c4 e6 3. Nc3 Bb4 4. Qc2 c5 5. dxc5 Na6 6. a3 Bxc3+ 7. Qxc3 Nxc5 8.
b4 Nce4 9. Qd4 d5 10. c5 b6 11. f3 bxc5 12. bxc5 O-O 13. fxe4 Nxe4 14. Nf3 f6
15. Nd2 e5 16. Qb4 Bf5 17. Nxe4 Bxe4 18. e3 f5 19. Ra2 1/2-1/2

[Event "2BLS 1718 SC Emmendingen - SC Eppingen"]
[Site "?"]
[Date "2018.02.03"]
[Round "7.8"]
[White "Bauer, Andreas"]
[Black "Gibicar, Danijel"]
[Result "1/2-1/2"]
[WhiteElo "2265"]
[BlackElo "2258"]
[PlyCount "59"]
[EventDate "2018.??.??"]

1. e4 e6 2. d4 d5 3. e5 c5 4. c3 Nc6 5. Nf3 Nh6 6. Bd3 cxd4 7. Bxh6 gxh6 8.
cxd4 Bg7 9. O-O O-O 10. Bc2 Nb4 11. Nc3 Nxc2 12. Qxc2 f6 13. Rfe1 Bd7 14. Rac1
Be8 15. exf6 Qxf6 16. Ne5 Qh4 17. Qe2 Qg5 18. Nb1 Qf5 19. Qe3 Bxe5 20. dxe5 Bc6
21. f3 Qg6 22. Nd2 d4 23. Qxd4 Rad8 24. Qf2 Qg5 25. Rcd1 Rd3 26. Qe2 Rfd8 27.
Ne4 Bxe4 28. fxe4 Rxd1 29. Rxd1 Rxd1+ 30. Qxd1 1/2-1/2

[Event "2BLS 1718 OSG Baden Baden II - SC Unter"]
[Site "?"]
[Date "2018.02.03"]
[Round "7.1"]
[White "Brunner, Nicolas"]
[Black "Gozzoli, Yannick"]
[Result "1/2-1/2"]
[WhiteElo "2445"]
[BlackElo "2564"]
[PlyCount "32"]
[EventDate "2018.??.??"]

1. d4 e6 2. c4 Bb4+ 3. Bd2 a5 4. Nf3 d6 5. g3 Nc6 6. Bg2 e5 7. O-O Nxd4 8. Nxd4
exd4 9. Bxb4 axb4 10. Qxd4 Nf6 11. Rd1 Ra6 12. Nd2 Qe7 13. Nf1 c5 14. Qd3 Qe5
15. Rd2 O-O 16. Ne3 Re8 1/2-1/2

[Event "2BLS 1718 OSG Baden Baden II - SC Unter"]
[Site "?"]
[Date "2018.02.03"]
[Round "7.2"]
[White "Bellahcene, Bilel"]
[Black "Velten, Paul"]
[Result "1/2-1/2"]
[WhiteElo "2503"]
[BlackElo "2478"]
[PlyCount "32"]
[EventDate "2018.??.??"]

1. e4 e6 2. d4 d5 3. Nc3 dxe4 4. Nxe4 Nd7 5. Nf3 Ngf6 6. Bg5 Be7 7. Nxf6+ Nxf6
8. Bd3 h6 9. Bxf6 Bxf6 10. Qe2 c5 11. O-O-O cxd4 12. h4 Bd7 13. Ne5 Qa5 14.
Nxd7 Kxd7 15. Kb1 Kc7 16. g4 Rad8 1/2-1/2

[Event "2BLS 1718 OSG Baden Baden II - SC Unter"]
[Site "?"]
[Date "2018.02.03"]
[Round "7.3"]
[White "Maier, Christian"]
[Black "Riff, Jean-Noel"]
[Result "0-1"]
[WhiteElo "2392"]
[BlackElo "2495"]
[PlyCount "86"]
[EventDate "2018.??.??"]

1. e4 c5 2. Nf3 Nc6 3. Bb5 Nf6 4. Bxc6 dxc6 5. Nc3 Bg4 6. d3 Nd7 7. h3 Bh5 8.
g4 Bg6 9. Bf4 e6 10. Qe2 Be7 11. O-O-O Qa5 12. d4 cxd4 13. Nxd4 e5 14. Nb3 Qc7
15. Bg3 O-O-O 16. Qe3 Qb6 17. Qxb6 axb6 18. h4 f6 19. h5 Bf7 20. f3 g6 21. hxg6
hxg6 22. Bf2 Kc7 23. Be3 Nc5 24. Nd2 b5 25. f4 exf4 26. Bxf4+ Kc8 27. Rxh8 Rxh8
28. e5 f5 29. gxf5 gxf5 30. Nf3 Ne6 31. Ne2 Rh3 32. Rf1 Rxf3 33. Rxf3 Bh5 34.
Rh3 Bxe2 35. Rh7 Bc5 36. Bh6 f4 37. Rf7 Bh5 38. Rf6 Kd7 39. Kd2 Be7 40. Rxf4
Nxf4 41. Bxf4 Ke6 42. b3 Kd5 43. Kc3 Bc5 0-1

[Event "2BLS 1718 OSG Baden Baden II - SC Unter"]
[Site "?"]
[Date "2018.02.03"]
[Round "7.4"]
[White "Burri, Quentin"]
[Black "Fuchs, Heinz"]
[Result "1-0"]
[WhiteElo "2407"]
[BlackElo "2252"]
[PlyCount "67"]
[EventDate "2018.??.??"]

1. e4 c5 2. Nf3 e6 3. d4 cxd4 4. Nxd4 a6 5. Bd3 Nf6 6. O-O d6 7. c4 Be7 8. Nc3
O-O 9. b3 b6 10. Bb2 Bb7 11. f4 Re8 12. Nf3 Nbd7 13. Qe1 Nh5 14. Qd2 Nc5 15.
Bc2 b5 16. b4 Nd7 17. cxb5 axb5 18. Bd3 Bc6 19. Kh1 Qb6 20. a3 Bf8 21. Rad1
Red8 22. Bc2 Bb7 23. Nd4 Ba6 24. Bb3 Nhf6 25. Qe2 e5 26. Nf5 exf4 27. Rxf4 Ne5
28. Nh6+ Kh8 29. Nxf7+ Nxf7 30. Bxf7 Ra7 31. Rxf6 gxf6 32. Nd5 Qb8 33. Qh5 Bg7
34. Nxf6 1-0

[Event "2BLS 1718 OSG Baden Baden II - SC Unter"]
[Site "?"]
[Date "2018.02.03"]
[Round "7.5"]
[White "Sieglen, Joachim"]
[Black "Schmaltz, Roland"]
[Result "0-1"]
[WhiteElo "2201"]
[BlackElo "2477"]
[PlyCount "108"]
[EventDate "2018.??.??"]

1. d4 Nf6 2. c4 g6 3. Nc3 Bg7 4. e4 d6 5. Nf3 O-O 6. Be2 e5 7. O-O Nc6 8. d5
Ne7 9. b4 Ne8 10. Nd2 f5 11. c5 Nf6 12. f3 f4 13. Nc4 g5 14. Ba3 Ng6 15. b5
dxc5 16. Bxc5 Rf7 17. a4 h5 18. Bf2 g4 19. Na2 Bf8 20. Nc1 Rg7 21. Nd3 gxf3 22.
Bxf3 Ng4 23. Qe1 Qg5 24. Kh1 Nxf2+ 25. Qxf2 Bg4 26. Ra2 Bd6 27. Rc1 Kh8 28.
Rac2 Rag8 29. Nxd6 cxd6 30. Rc7 Nf8 31. Rxg7 Rxg7 32. Ne1 Nd7 33. a5 Nc5 34.
Rc4 b6 35. axb6 axb6 36. Rc2 Bd7 37. Qe2 h4 38. Ra2 Qd8 39. Ra3 h3 40. gxh3
Bxh3 41. Nd3 Qg5 42. Qf2 Nd7 43. Ra7 Bg4 44. Ne1 Nc5 45. Rxg7 Kxg7 46. Bg2 Bd7
47. Qe2 Kf6 48. Bf3 Ke7 49. Nc2 Be8 50. Nb4 Bg6 51. Nd3 Nb3 52. Nb4 Qh4 53.
Nc6+ Kf6 54. Kg2 Nc5 0-1

[Event "2BLS 1718 OSG Baden Baden II - SC Unter"]
[Site "?"]
[Date "2018.02.03"]
[Round "7.6"]
[White "Drabke, Lorenz Maximilian"]
[Black "Schneider, Bernd"]
[Result "1-0"]
[WhiteElo "2427"]
[BlackElo "2256"]
[PlyCount "109"]
[EventDate "2018.??.??"]

1. e4 c5 2. Nf3 e6 3. c4 Nc6 4. Nc3 Nd4 5. d3 Ne7 6. Be2 d6 7. O-O Nec6 8. Nxd4
Nxd4 9. Be3 Be7 10. Bg4 a6 11. Bxd4 cxd4 12. Ne2 Bf6 13. f4 O-O 14. Qe1 b5 15.
cxb5 axb5 16. Qb4 Qb6 17. Ng3 Ra4 18. Qd2 Qa5 19. Qxa5 Rxa5 20. Rfc1 Bd7 21.
Rc7 Rd8 22. Bd1 Kf8 23. Bb3 Raa8 24. Rac1 Rdc8 25. Kf2 Bd8 26. Rxd7 Rxc1 27. f5
d5 28. exd5 Rc7 29. Rxc7 Bxc7 30. dxe6 fxe6 31. Bxe6 Bxg3+ 32. Kxg3 Ke7 33. Kf4
Kf6 34. Ke4 Rd8 35. b4 h5 36. Bd5 Re8+ 37. Kxd4 Kxf5 38. Be4+ Kf6 39. Kc5 Re5+
40. Bd5 h4 41. d4 Rf5 42. h3 Ke7 43. Kc6 Rf4 44. Kc5 Rf5 45. Kc6 Rf4 46. Kxb5
Rxd4 47. Kc5 Rd1 48. a4 Kd7 49. a5 Kc7 50. b5 Rc1+ 51. Bc4 Rc2 52. b6+ Kc8 53.
a6 Rc1 54. a7 Kb7 55. Kd4 1-0

[Event "2BLS 1718 OSG Baden Baden II - SC Unter"]
[Site "?"]
[Date "2018.02.03"]
[Round "7.7"]
[White "Cofman, Veaceslav"]
[Black "Mutschnik, Illya"]
[Result "0-1"]
[WhiteElo "2218"]
[BlackElo "2429"]
[PlyCount "76"]
[EventDate "2018.??.??"]

1. d4 Nf6 2. c4 g6 3. f3 Bg7 4. e4 d6 5. Ne2 O-O 6. Nbc3 Nc6 7. Be3 a6 8. Rc1
e6 9. d5 Ne5 10. Nd4 c5 11. Nc2 b5 12. cxb5 exd5 13. exd5 Re8 14. Be2 axb5 15.
Bxb5 Bd7 16. Be2 Nh5 17. O-O f5 18. g4 Nf6 19. h3 fxg4 20. fxg4 h5 21. Bg5 Nf7
22. Bxf6 Bxf6 23. gxh5 Bxh3 24. hxg6 Ng5 25. Bb5 Rf8 26. Qh5 Bxf1 27. Ne4 Bxb5
28. Nxg5 Qd7 29. Ne6 Rae8 30. Kg2 Rxe6 31. dxe6 Bc6+ 32. Kg1 Qa7 33. Re1 c4+
34. Ne3 Bd4 35. Qg5 Rf6 36. Kh2 Be5+ 37. Kh3 Rf3+ 38. Kh4 Bf6 0-1

[Event "2BLS 1718 OSG Baden Baden II - SC Unter"]
[Site "?"]
[Date "2018.02.03"]
[Round "7.8"]
[White "Kachiani-Gersinska, Ketino"]
[Black "Doll, Stefan"]
[Result "1-0"]
[WhiteElo "2337"]
[BlackElo "2131"]
[PlyCount "57"]
[EventDate "2018.??.??"]

1. d4 Nf6 2. c4 e6 3. g3 d5 4. Nf3 Bb4+ 5. Bd2 Bd6 6. Bg2 O-O 7. O-O c6 8. Qc2
Ne4 9. Be3 f5 10. Nbd2 Nxd2 11. Qxd2 Nd7 12. Bf4 Nb6 13. c5 Nc4 14. Qe1 Bxf4
15. gxf4 b6 16. b3 Na5 17. Ne5 Ba6 18. Qc3 Rc8 19. Rac1 b5 20. Kh1 Rc7 21. Rg1
Bc8 22. Bf3 Rf6 23. Rg5 Qf8 24. Rcg1 Nb7 25. b4 a5 26. a4 bxa4 27. Qa3 axb4 28.
Qxb4 Nd8 29. Qb8 1-0

[Event "2BLS 1718 SC Viernheim - SC Böblingen"]
[Site "?"]
[Date "2018.02.04"]
[Round "8.1"]
[White "Gaehwiler, Gabriel"]
[Black "Malakhov, Vladimir"]
[Result "1/2-1/2"]
[WhiteElo "2429"]
[BlackElo "2692"]
[PlyCount "67"]
[EventDate "2018.??.??"]

1. d4 g6 2. c4 Bg7 3. Nc3 e6 4. Nf3 Ne7 5. g3 d5 6. Bg2 O-O 7. O-O Nbc6 8. cxd5
exd5 9. Bf4 a6 10. Rc1 h6 11. h4 Be6 12. Qd2 Kh7 13. Rfd1 Qd7 14. Ne5 Nxe5 15.
dxe5 Rad8 16. e4 d4 17. Nd5 Bxd5 18. exd5 Nxd5 19. Qxd4 Nxf4 20. Qxd7 Ne2+ 21.
Kf1 Rxd7 22. Kxe2 Rxd1 23. Rxd1 Bxe5 24. Bxb7 Rb8 25. Bxa6 Rxb2+ 26. Rd2 Rb4
27. Rc2 h5 28. Bc4 f5 29. f4 Bd6 30. Bb3 Rb5 31. Kf3 Rc5 32. Rxc5 Bxc5 33. Ke2
Bb4 34. Bc4 1/2-1/2

[Event "2BLS 1718 SC Viernheim - SC Böblingen"]
[Site "?"]
[Date "2018.02.04"]
[Round "8.2"]
[White "Kryvoruchko, Yuriy"]
[Black "Kuklin, Valentin"]
[Result "1-0"]
[WhiteElo "2693"]
[BlackElo "2370"]
[PlyCount "35"]
[EventDate "2018.??.??"]

1. e4 e6 2. d4 d5 3. Nc3 Nf6 4. e5 Nfd7 5. f4 c5 6. Nf3 Be7 7. Be3 O-O 8. dxc5
Nxc5 9. Qd2 Nc6 10. O-O-O Bd7 11. Kb1 Rc8 12. Qe1 Na5 13. f5 Na4 14. Nxa4 Bxa4
15. b3 Bd7 16. f6 gxf6 17. Bd3 Kh8 18. Qh4 1-0

[Event "2BLS 1718 SC Viernheim - SC Böblingen"]
[Site "?"]
[Date "2018.02.04"]
[Round "8.3"]
[White "Ortmann, David"]
[Black "Amin, Bassem"]
[Result "1/2-1/2"]
[WhiteElo "2303"]
[BlackElo "2688"]
[PlyCount "103"]
[EventDate "2018.??.??"]

1. Nf3 Nf6 2. c4 g6 3. Nc3 Bg7 4. e4 d6 5. d4 O-O 6. Be2 e5 7. dxe5 dxe5 8.
Qxd8 Rxd8 9. Bg5 c6 10. Nxe5 Re8 11. O-O-O Na6 12. Rd6 Nh5 13. Ng4 Bf8 14. Rdd1
Nc5 15. Nh6+ Kg7 16. Bxh5 gxh5 17. Nf5+ Kg6 18. Be3 Bxf5 19. exf5+ Kxf5 20. Kc2
a6 21. Rd4 Kg6 22. Rhd1 b5 23. Ne2 Ne6 24. Nf4+ Nxf4 25. Rxf4 Re6 26. Rd7 Be7
27. g4 h4 28. h3 h6 29. b3 a5 30. Rf5 bxc4 31. bxc4 a4 32. Rb7 Rd8 33. Ra7 a3
34. c5 Re4 35. Rxa3 Rc4+ 36. Kb3 Rd3+ 37. Kxc4 Rxa3 38. Re5 Bg5 39. Re8 Bxe3
40. Rxe3 Rxa2 41. Rf3 f6 42. Rf5 Ra4+ 43. Kb3 Ra1 44. Rh5 Rf1 45. Rxh4 Rxf2 46.
Kb4 Rb2+ 47. Kc3 Ra2 48. Rh5 Ra4 49. Kd3 Ra1 50. Kc3 Rf1 51. Kb4 f5 52. Ka5
1/2-1/2

[Event "2BLS 1718 SC Viernheim - SC Böblingen"]
[Site "?"]
[Date "2018.02.04"]
[Round "8.4"]
[White "Kovalenko, Igor"]
[Black "Tran, Thanh Kien"]
[Result "1-0"]
[WhiteElo "2643"]
[BlackElo "2226"]
[PlyCount "89"]
[EventDate "2018.??.??"]

1. e4 c5 2. Nf3 d6 3. d4 cxd4 4. Nxd4 Nf6 5. Nc3 a6 6. Be2 e5 7. Nf3 Be7 8. Bg5
Be6 9. O-O Nbd7 10. a4 O-O 11. Re1 Rc8 12. Bf1 Nb6 13. h3 Qc7 14. a5 Nc4 15.
Bxf6 Bxf6 16. Nd5 Qd8 17. Nxf6+ gxf6 18. Bxc4 Rxc4 19. Re3 f5 20. Nd2 Rc6 21.
exf5 Bxf5 22. c4 Kh8 23. b3 Rg8 24. Nf1 Bg6 25. Qd2 f5 26. f4 Qf6 27. Rae1 e4
28. Rg3 Bf7 29. Rxg8+ Kxg8 30. Ne3 Be6 31. Kh2 Qf7 32. Nc2 d5 33. Re3 dxc4 34.
Rg3+ Kf8 35. bxc4 Ke8 36. Qd4 Rxc4 37. Qh8+ Ke7 38. Ne3 Rc8 39. Qe5 Kf8 40. Nd5
Bxd5 41. Qh8+ Qg8 42. Rxg8+ Bxg8 43. Qf6+ Bf7 44. Qxf5 Re8 45. Qc5+ 1-0

[Event "2BLS 1718 SC Viernheim - SC Böblingen"]
[Site "?"]
[Date "2018.02.04"]
[Round "8.5"]
[White "Schuh, Karsten"]
[Black "Anton Guijarro, David"]
[Result "0-1"]
[WhiteElo "2205"]
[BlackElo "2666"]
[PlyCount "108"]
[EventDate "2018.??.??"]

1. c4 Nf6 2. g3 e6 3. Bg2 d5 4. Nf3 dxc4 5. O-O a6 6. a4 Nc6 7. Qc2 e5 8. Qxc4
h6 9. d3 Bd6 10. Na3 O-O 11. Be3 Re8 12. Qc2 Be6 13. Nc4 a5 14. Rfd1 Bd5 15. d4
Nb4 16. Qc1 e4 17. Nfe5 Bf8 18. f4 exf3 19. exf3 c6 20. Bf2 b5 21. axb5 cxb5
22. Ne3 Rc8 23. Qd2 Bb3 24. Rdc1 Rxc1+ 25. Qxc1 Qxd4 26. N3g4 Qd6 27. Nxf6+
Qxf6 28. Nd7 Qd8 29. Nxf8 Nc2 30. Rb1 Rxf8 31. Qf4 Qd5 32. Qc7 a4 33. f4 Qd2
34. Qe5 Ba2 35. Rf1 Bc4 36. Rb1 Ba2 37. Rf1 Bc4 38. Rb1 b4 39. Bf3 Rd8 40. Bb6
Nd4 41. Bg2 Ne2+ 42. Kh1 Qd1+ 43. Rxd1 Rxd1+ 44. Bf1 Bd5+ 45. Qxd5 Rxd5 46.
Bxe2 Rd2 47. Bb5 a3 48. bxa3 bxa3 49. Bc4 a2 50. Bxa2 Rxa2 51. Kg1 f5 52. Bf2
Kf7 53. Kg2 Ke6 54. Kf3 Kd5 0-1

[Event "2BLS 1718 SC Viernheim - SC Böblingen"]
[Site "?"]
[Date "2018.02.04"]
[Round "8.6"]
[White "Fedorchuk, Sergey"]
[Black "Bauer, Peter"]
[Result "1-0"]
[WhiteElo "2634"]
[BlackElo "2210"]
[PlyCount "67"]
[EventDate "2018.??.??"]

1. e4 e5 2. Nf3 Nc6 3. Bb5 a6 4. Ba4 Nf6 5. d3 Bc5 6. c3 b5 7. Bb3 O-O 8. Bg5
h6 9. Bh4 Be7 10. Nbd2 d6 11. Nf1 Be6 12. Ne3 Ng4 13. Bxe7 Nxe3 14. Bxd8 Nxd1
15. Bxc7 Nxb2 16. Ke2 Rac8 17. Bxd6 Rfd8 18. Bxe5 Nxe5 19. Nxe5 Bxb3 20. axb3
Rxc3 21. Rhc1 Rxb3 22. Rcb1 f6 23. Nc6 Rd6 24. Rxa6 Kh7 25. d4 Re6 26. f3 f5
27. e5 Rg6 28. Kf1 Nc4 29. Rxb3 Nd2+ 30. Kf2 Nxb3 31. d5 Nc5 32. Ra5 Nd3+ 33.
Ke3 Ne1 34. g3 1-0

[Event "2BLS 1718 SC Viernheim - SC Böblingen"]
[Site "?"]
[Date "2018.02.04"]
[Round "8.7"]
[White "Bathray, Johannes"]
[Black "Maze, Sebastien"]
[Result "0-1"]
[WhiteElo "2151"]
[BlackElo "2620"]
[PlyCount "82"]
[EventDate "2018.??.??"]

1. e4 g6 2. d4 Bg7 3. Nc3 c6 4. f4 d5 5. e5 h5 6. Nf3 Nh6 7. Bd3 Bf5 8. O-O Nd7
9. Bxf5 Nxf5 10. e6 fxe6 11. Re1 Nf8 12. Na4 Qd6 13. c3 b6 14. Qe2 Bf6 15. g3
Kf7 16. Ng5+ Bxg5 17. fxg5 e5 18. Qxe5 Qxe5 19. Rxe5 Nd7 20. Re2 e5 21. dxe5
Rhe8 22. e6+ Rxe6 23. Rxe6 Kxe6 24. b3 Re8 25. Bd2 Kf7 26. Re1 Rxe1+ 27. Bxe1
Ne5 28. Nb2 Nf3+ 29. Kf2 Nxg5 30. Nd3 Ke6 31. Ke2 Ne4 32. Nf2 Nxf2 33. Bxf2 g5
34. h3 g4 35. hxg4 hxg4 36. a4 c5 37. a5 Kd6 38. axb6 axb6 39. b4 Kc6 40. bxc5
bxc5 41. Kd3 c4+ 0-1

[Event "2BLS 1718 SC Viernheim - SC Böblingen"]
[Site "?"]
[Date "2018.02.04"]
[Round "8.8"]
[White "Mandel, Andreas"]
[Black "Schwab, Matthias"]
[Result "1-0"]
[WhiteElo "2390"]
[BlackElo "2144"]
[PlyCount "67"]
[EventDate "2018.??.??"]

1. d4 d5 2. c4 e6 3. Nf3 Nf6 4. Bg5 Be7 5. Nc3 O-O 6. e3 Nbd7 7. Rc1 h6 8. Bf4
c5 9. cxd5 exd5 10. Bd3 b6 11. O-O Bb7 12. Ne5 Ne4 13. Bxe4 dxe4 14. Qa4 Nxe5
15. Bxe5 cxd4 16. Bxd4 Bd6 17. Rfd1 Qh4 18. g3 Qe7 19. Qb5 Rad8 20. Qf5 Rfe8
21. Qg4 g6 22. Rd2 Bc8 23. Qe2 Bb8 24. Qf1 Bg4 25. Rdc2 h5 26. Nb5 Rd7 27. Rc8
Red8 28. Rxd8+ Rxd8 29. Nc3 Qg5 30. Nxe4 Qf5 31. Nf6+ Kf8 32. Nxg4 Qxg4 33. Qc4
Kg8 34. Qc6 1-0

[Event "2BLS 1718 FB Mörlenbach-Birkenau - TSV"]
[Site "?"]
[Date "2018.02.04"]
[Round "8.1"]
[White "Ivanisevic, Ivan"]
[Black "Kunin, Vitaly"]
[Result "1-0"]
[WhiteElo "2573"]
[BlackElo "2574"]
[PlyCount "89"]
[EventDate "2018.??.??"]

1. c4 e5 2. Nc3 Nf6 3. e3 d6 4. d4 Nbd7 5. g3 exd4 6. exd4 d5 7. cxd5 Nb6 8.
Bg2 Nbxd5 9. Nge2 Be7 10. O-O O-O 11. Nf4 Nxf4 12. Bxf4 Bd6 13. Bxd6 Qxd6 14.
Re1 Bd7 15. Rc1 Rae8 16. Bxb7 Rxe1+ 17. Qxe1 Re8 18. Qd2 c6 19. b3 h5 20. h4
Rd8 21. Ne2 Nd5 22. Ba6 Bg4 23. Bc4 Nb6 24. Bd3 g6 25. Qg5 Re8 26. Nf4 Qd8 27.
Rxc6 Qxg5 28. hxg5 Bf3 29. Rc1 Rd8 30. Be2 Be4 31. f3 Bf5 32. d5 Kf8 33. Kf2
Rd7 34. Rc5 Re7 35. a4 Rb7 36. Ba6 Rb8 37. Rc7 Nd7 38. Bb5 Ke7 39. Rxa7 Kd6 40.
b4 Nb6 41. Bc6 Nc4 42. b5 Kc5 43. a5 Kb4 44. a6 Nd6 45. Re7 1-0

[Event "2BLS 1718 FB Mörlenbach-Birkenau - TSV"]
[Site "?"]
[Date "2018.02.04"]
[Round "8.2"]
[White "Galdunts, Sergey"]
[Black "Bosiocic, Marin"]
[Result "0-1"]
[WhiteElo "2421"]
[BlackElo "2627"]
[PlyCount "82"]
[EventDate "2018.??.??"]

1. e4 c5 2. Nf3 e6 3. b3 b6 4. c4 Bb7 5. Nc3 d6 6. d4 cxd4 7. Nxd4 Nf6 8. Bd3
Be7 9. O-O O-O 10. Bb2 Nbd7 11. Re1 Rc8 12. Qd2 Re8 13. Rad1 a6 14. Bf1 Qc7 15.
Qe3 Qb8 16. f4 Bf8 17. Qh3 Nc5 18. e5 dxe5 19. fxe5 Nfe4 20. Nf3 Red8 21. b4
Nxc3 22. Bxc3 Ne4 23. Nd2 Nxc3 24. Qxc3 a5 25. a3 Qc7 26. Rc1 axb4 27. axb4 g6
28. Ne4 Bxe4 29. Rxe4 Bh6 30. Rc2 Rd1 31. c5 bxc5 32. bxc5 Ra8 33. Kf2 Rd5 34.
Be2 Bg7 35. Bf3 Rc8 36. Rc4 Rxe5 37. Qd3 Qa5 38. Kg3 Rexc5 39. Rxc5 Rxc5 40.
Rxc5 Qxc5 41. Qd8+ Bf8 0-1

[Event "2BLS 1718 FB Mörlenbach-Birkenau - TSV"]
[Site "?"]
[Date "2018.02.04"]
[Round "8.3"]
[White "Martinovic, Sasa"]
[Black "Dittmar, Peter"]
[Result "1-0"]
[WhiteElo "2604"]
[BlackElo "2298"]
[PlyCount "103"]
[EventDate "2018.??.??"]

1. Nf3 d5 2. g3 c6 3. Bg2 Bg4 4. O-O Nd7 5. h3 Bh5 6. d3 e5 7. e4 dxe4 8. dxe4
Ngf6 9. Qe1 Bxf3 10. Bxf3 Bc5 11. b4 Bd4 12. c3 Bb6 13. Nd2 O-O 14. Nc4 Bc7 15.
a4 Re8 16. Qe2 Qe7 17. Rd1 Nf8 18. h4 Red8 19. Be3 Ne6 20. Rxd8+ Qxd8 21. Bg2
b5 22. axb5 cxb5 23. Na5 Bxa5 24. Rxa5 a6 25. f3 Qc7 26. Ra3 Qc6 27. Qa2 Nc7
28. Bf1 Nfe8 29. c4 bxc4 30. Qxc4 Qxc4 31. Bxc4 Nd6 32. Be2 Ndb5 33. Ra1 Kf8
34. Kf2 Ke8 35. Bc5 Kd7 36. f4 f6 37. h5 Kc6 38. Rc1 Kb7 39. Bc4 Re8 40. Ke3
Ne6 41. Bd5+ Kb8 42. Bb6 Ned4 43. Kd3 Rc8 44. Rxc8+ Kxc8 45. Bc5 Nf3 46. Bg8
exf4 47. gxf4 g5 48. Ke3 Nh4 49. fxg5 fxg5 50. Bxh7 Nc7 51. h6 Ne8 52. Be7 1-0

[Event "2BLS 1718 FB Mörlenbach-Birkenau - TSV"]
[Site "?"]
[Date "2018.02.04"]
[Round "8.4"]
[White "Legde, Georg"]
[Black "Hirneise, Tobias"]
[Result "1/2-1/2"]
[WhiteElo "2322"]
[BlackElo "2461"]
[PlyCount "69"]
[EventDate "2018.??.??"]

1. d4 Nf6 2. c4 e6 3. Nf3 b6 4. g3 Ba6 5. Qa4 c6 6. Nc3 Be7 7. Bg2 O-O 8. O-O
Qe8 9. Bf4 d6 10. Rfe1 Bb7 11. e4 Nfd7 12. Qc2 Qd8 13. Rad1 Na6 14. a3 Nc7 15.
h4 Re8 16. Bg5 Rc8 17. b4 h6 18. Bxe7 Qxe7 19. d5 Red8 20. Qa4 cxd5 21. exd5 a6
22. Nd4 Ne5 23. Qb3 Ne8 24. f4 Nxc4 25. dxe6 Bxg2 26. Kxg2 Qb7+ 27. Kg1 fxe6
28. Nxe6 Qf3 29. Nxd8 Qxg3+ 30. Kh1 Qxh4+ 31. Kg2 Qg4+ 32. Kh1 Qh3+ 33. Kg1
Qg3+ 34. Kh1 Qh3+ 35. Kg1 1/2-1/2

[Event "2BLS 1718 FB Mörlenbach-Birkenau - TSV"]
[Site "?"]
[Date "2018.02.04"]
[Round "8.5"]
[White "Hirneise, Jens"]
[Black "Boehmer, Christian"]
[Result "1-0"]
[WhiteElo "2386"]
[BlackElo "2169"]
[PlyCount "35"]
[EventDate "2018.??.??"]

1. e4 c5 2. Nf3 d6 3. Nc3 Nf6 4. d4 cxd4 5. Nxd4 a6 6. Be3 e6 7. Be2 Be7 8. f4
Qc7 9. O-O Nc6 10. Qe1 e5 11. Nxc6 bxc6 12. fxe5 dxe5 13. Bc4 O-O 14. Be6 Bxe6
15. Qe2 Bb4 16. Na4 Qa5 17. Nb6 Rab8 18. a3 1-0

[Event "2BLS 1718 FB Mörlenbach-Birkenau - TSV"]
[Site "?"]
[Date "2018.02.04"]
[Round "8.6"]
[White "Klings, Peter"]
[Black "Menezes, Christoph"]
[Result "1/2-1/2"]
[WhiteElo "2162"]
[BlackElo "2385"]
[PlyCount "92"]
[EventDate "2018.??.??"]

1. Nf3 c5 2. c4 g6 3. Nc3 Bg7 4. d4 cxd4 5. Nxd4 Nc6 6. Nc2 Bxc3+ 7. bxc3 Nf6
8. Nb4 O-O 9. Bh6 Re8 10. f3 Nxb4 11. cxb4 d5 12. cxd5 Nxd5 13. Qd2 Nb6 14. e4
Qxd2+ 15. Bxd2 Be6 16. a4 Bc4 17. Be2 Rec8 18. a5 Nd7 19. Rc1 Ne5 20. Bf4 Bxe2
21. Kxe2 Nc6 22. Rc4 a6 23. Be3 f6 24. Rhc1 Rd8 25. Bb6 Rd7 26. Rd1 Rxd1 27.
Kxd1 Kf7 28. Ke2 Ke6 29. Ke3 Rg8 30. f4 f5 31. g3 h6 32. h3 h5 33. Kf3 Rh8 34.
h4 Re8 35. Ke3 Kf7 36. Kd2 e5 37. exf5 gxf5 38. fxe5 Rxe5 39. Bc7 Rd5+ 40. Kc3
Rd1 41. Kc2 Rf1 42. Bf4 Ke6 43. Bd2 Rf3 44. Be1 Re3 45. Kd2 Re5 46. Bf2 Rd5+
1/2-1/2

[Event "2BLS 1718 FB Mörlenbach-Birkenau - TSV"]
[Site "?"]
[Date "2018.02.04"]
[Round "8.7"]
[White "Reck, Moritz"]
[Black "Felgendreher, Heiko"]
[Result "0-1"]
[WhiteElo "2138"]
[BlackElo "2198"]
[PlyCount "84"]
[EventDate "2018.??.??"]

1. e4 c5 2. Nc3 Nc6 3. g3 g6 4. Bg2 Bg7 5. d3 d6 6. Be3 e5 7. Qd2 Nf6 8. Bh6
Bxh6 9. Qxh6 Nd4 10. O-O-O Be6 11. Bh3 Qe7 12. f4 O-O-O 13. fxe5 dxe5 14. Rf1
Kb8 15. Qg7 Nd7 16. Bxe6 Qg5+ 17. Kb1 Nxe6 18. Nf3 Qe7 19. Qh6 Nc7 20. Rf2 Nb6
21. Qg7 Rhe8 22. Ne1 Rd7 23. Rhf1 Rf8 24. Qxh7 Ne6 25. Qh6 c4 26. b3 cxb3 27.
cxb3 Qb4 28. Nd5 Nxd5 29. exd5 Rxd5 30. Nc2 Qc3 31. Rxf7 Rxf7 32. Rxf7 Rxd3 33.
Qc1 Rd8 34. Re7 Nc5 35. Ne1 Qd4 36. Rf7 a5 37. Qc2 Qg1 38. Qe2 e4 39. Kc2 Qd4
40. Qf2 Qd1+ 41. Kc3 Rc8 42. Kb2 Na4+ 0-1